000 01251nam a2200229Ia 4500
001 L232-6658
003 IT-CnALBA
008 170116s9999||||xx |||||||||||||| ||und||
040 _aIT-CnALBA
_cIT-CnALBA
041 _aITALIANO
100 _aSENZA AUTORE
245 0 _aLETTURE SPIRITUALI SULLA VITA DI GESÙ E DI MARIA. TOMO II.
250 _a1a ed.
260 _a VENEZIA
_bEMILIANA TIP. LIBR. EDITRICE
_c1878 [1° Ed.:1878 - Ed.Ling.Originale: 1878]
300 _a148 p. (prefazione: 56)
500 _aMEDITAZIONI SU GESÙ E MARIA PER OGNI GIORNO DELL'ANNO. TOMO II MESE DI GENNAIO. LA CIRCONCISIONE. IL NOME DI GESÙ. L'EPIFANIA. LA PRESENTAZIONE DI GESÙ BAMBINO AL TEMPIO. FUGA IN EGITTO. VITA PRIVATA DI GESÙ A NAZARETH. BATTESIMO TENTAZIONI NEL DESERTO. C
501 _aSocietà San Paolo EM - Piazza San Paolo, 14 - 12051 ALBA (CN) (non commercial uses only) ® Copyright 2017
520 _aMEDITAZIONI SU GESÙ E MARIA PER OGNI GIORNO DELL'ANNO. TOMO II MESE DI GENNAIO. LA CIRCONCISIONE. IL NOME DI GESÙ. L'EPIFANIA. LA PRESENTAZIONE DI GESÙ BAMBINO AL TEMPIO. FUGA IN EGITTO. VITA PRIVATA DI GESÙ A NAZARETH. BATTESIMO TENTAZIONI NEL DESERTO. C
650 _aVITA E MISTERO DI CRISTO
942 _cBK
957 _71
999 _a7634
_bSI
_g Copie: 1
_c265840
_d265840